Historia de El Salvador (Registro nro. 25805)

Detalles MARC
000 -CABECERA
Longitud fija campo de control 00451cam a2200157 a 4500
003 - IDENTIFICADOR DELl NÚMERO DE CONTROL
Identificador del número de control OSt
005 - FECHA Y HORA DE LA ÚLTIMA TRANSACCIÓN
Fecha y hora de la última transacción 20160913100829.0
008 - CÓDIGOS DE INFORMACIÓN DE LONGITUD FIJA
Códigos de información de longitud fija 950406s1994 slv spa
040 ## - FUENTE DE LA CATALOGACIÓN
Centro catalogador de origen DLC
Centro transcriptor BMC
Centro modificado DLC
082 ## - NÚMERO DE LA CLASIFICACIÓN DECIMAL DEWEY
Númeroo de clasificación 972.84
245 00 - MENCIÓN DE TÍTULO
Título Historia de El Salvador
Resto del título : guía del maestro
Mención de responsabilidad, etc. Ministerio de Educación
260 ## - PUBLICACIÓN, DISTRIBUCIÓN, ETC. (PIE DE IMPRENTA)
Lugar de publicación, distribución, etc. San Salvador (El Salvador)
Nombre del editor, distribuidor, etc. CONCULTURA
Fecha de publicación, distribución, etc. 1994
300 ## - DESCRIPCIÓN FÍSICA
Extensión 90 p.
Dimensiones 27 cm
651 20 - PUNTO DE ACCESO ADICIONAL DE MATERIA - NOMBRE GEOGRÁFICO
9 (RLIN) 3692
Nombre geográfico El Salvador
Subdivisión de materia general Historia
942 ## - ENTRADA DE ELEMENTOS AGREGADOS (KOHA)
Fuente de clasificaión o esquema Dewey Decimal Classification
Koha [por defecto] tipo de item 1- Monografias
Existencias
Suprimido Perdido Fuente de clasificación o esquema Estropeado Restricciones de uso No para préstamo Código de colección Localización permanente Localización actual Localización en estanter&íacute;as Fecha adquisición Fuente de adquisición Número de inventario Préstamos totales Signatura completa Código de barras Fecha última consulta Fecha último préstamo Fecha del precio de reemplazo Tipo de item de Koha
NULL NULL Dewey Decimal Classification NULL Prestable NULL NULL Biblioteca Miguel de Cervantes - UNICAES Biblioteca Miguel de Cervantes - UNICAES Sala Principal 13/04/2009 Donación - Mauricio Menéndez 032697 1 972.84 HIS 1037907 27/10/2022 27/10/2022 09/09/2016 1- Monografias